Kombinácia prezenčnej a dištančnej metódy v príprave učiteľov
Rozličné formy synchrónnej a asynchrónnej e-learningovej výučby v príprave učiteľov a ich kombinácia s priamou formou štúdia v študijnom odbore učiteľstvo. Vyučovanie - stretnutie osobnosti s osobnosťou verzus dialóg prostredníctvom plochy. Dištančná výučba: formy a výsledky.
Saved in:
| Main Author: | |
|---|---|
| Other Authors: | |
| Format: | Book Chapter |
| Language: | Slovak |
| Subjects: | |
| Tags: |
No Tags, Be the first to tag this record!
|
MARC
| LEADER | 00000naa$a2200000$$$4500 | ||
|---|---|---|---|
| 001 | 0070346 | ||
| 005 | 20221207084243.8 | ||
| 041 | 0 | |a slo | |
| 044 | |a SK | ||
| 245 | 1 | 0 | |a Kombinácia prezenčnej a dištančnej metódy v príprave učiteľov |c Jana Kesselová, František Franko |
| 520 | |a Rozličné formy synchrónnej a asynchrónnej e-learningovej výučby v príprave učiteľov a ich kombinácia s priamou formou štúdia v študijnom odbore učiteľstvo. Vyučovanie - stretnutie osobnosti s osobnosťou verzus dialóg prostredníctvom plochy. Dištančná výučba: formy a výsledky. | ||
| 610 | 2 | 0 | |a vzdelávanie vysokoškolské |
| 610 | 2 | 0 | |a vzdelávanie dištančné |
| 610 | 2 | 0 | |a vzdelávanie elektronické |
| 610 | 2 | 0 | |a učitelia |
| 610 | 2 | 0 | |a študenti |
| 610 | 2 | 0 | |a predmety učebné |
| 610 | 2 | 0 | |a technika audiovizuálna |
| 610 | 2 | 0 | |a štúdium dištančné |
| 610 | 2 | 0 | |a štúdium denné |
| 100 | 1 | |a Kesselová, Jana | |
| 700 | 1 | |a Franko, František | |